| 000 | 00000nam##2200000za#4500 |
| 001 | 9.570445 |
| 003 | CaOODSP |
| 005 | 20210624182237 |
| 007 | cr ||||||||||| |
| 008 | 150406|2003||||xxc|||||o f|0| 0 eng|d |
| 040 | |aCaOODSP|beng |
| 043 | |an-cn--- |
| 086 | 1 |aYC27-0/372-4E-PDF |
| 110 | 1 |aCanada. |bParliament. |bSenate. |bStanding Committee on Agriculture and Forestry. |
| 245 | 10|aClimate change : |h[electronic resource]|bwe are at risk / |cThe Honourable Donald Oliver, Q.C., Chair; The Honourable John Wiebe, Deputy Chair. |
| 246 | 3 |aFinal report |
| 260 | |aOttawa - Ontario : |bSenate. |cNovember 2003. |
| 300 | |a123p.|bgraphs, references, photographs |
| 490 | 1 |aReport of the Standing Senate Committee on Agriculture and Forestry|v[37th Parliament, 2nd Session, 4th report] |
| 590 | |a11-12-Supp|b2011-07-29 |
| 775 | 08|tLe changement climatique : |w(CaOODSP)9.601123 |
| 830 | #0|aReport of the Standing Senate Committee on Agriculture and Forestry ;|v[37th Parliament, 2nd Session, 4th report]|w(CaOODSP)9.505641 |
| 856 | 40|ahttp://publications.gc.ca|qPDF|s653 KB|uhttps://publications.gc.ca/collections/collection_2011/sen/yc27-0/YC27-0-372-4-eng.pdf|y[37th Parliament, 2nd Session, 4th report] |